000 00693cam a22002293a 4500
001 15231
003 PGUSA
005 20140828083327.0
008 050302s2005||||xxu|||||s|||||000 | eng d
040 _aPGUSA
_beng
042 _adc
050 4 _aBV
245 1 4 _aThe American Missionary — Volume 44, No. 02, February, 1890
_h[electronic resource] /
_cVarious
260 _bProject Gutenberg,
_c2005
506 _aPublic domain in the USA.
516 _aElectronic text
653 _aHome missions -- Periodicals
653 _aCongregational churches -- Missions -- Periodicals
830 0 _aProject Gutenberg
_v15231
856 4 0 _uhttp://www.gutenberg.org/ebooks/15231
942 _cEB
999 _c244486
_d244486